Akta Cukai Perkhidmatan 2018 : (Record no. 4828)

000 -LEADER
fixed length control field nam a22 7a 4500
005 - DATE AND TIME OF LATEST TRANSACTION
control field 20200709143819.0
008 - FIXED-LENGTH DATA ELEMENTS--GENERAL INFORMATION
fixed length control field 200709p2020 my ||||| |||| 00| 0 eng d
020 ## - INTERNATIONAL STANDARD BOOK NUMBER
International Standard Book Number 9789677010390
Terms of availability RM 42
040 ## - CATALOGING SOURCE
Original cataloging agency AKMAL
082 ## - DEWEY DECIMAL CLASSIFICATION NUMBER
Classification number 343.5950558 MAL
090 ## - LOCALLY ASSIGNED LC-TYPE CALL NUMBER (OCLC); LOCAL CALL NUMBER (RLIN)
Classification number (OCLC) (R) ; Classification number, CALL (RLIN) (NR) 343.5950558
Local cutter number (OCLC) ; Book number/undivided call number, CALL (RLIN) MAL
245 ## - TITLE STATEMENT
Title Akta Cukai Perkhidmatan 2018 :
Remainder of title Peraturan-peraturan Cukai Perkhidmatan 2018 / Peraturan-peraturan Cukai Perkhidmatan (Ketetapan Kastam) 2018 / Perintah Cukai Perkhidmatan (Pengenaan Cukai Bagi Perkhidmatan Bercukai Berkenaan Dengan Kawasan Ditetapkan Dan Kawasan Khas) 2018 / Perintah Cukai Perkhidmatan (Kadar Cukai) 2018 / Peraturan-Peraturan Cukai Perkhidmatan (Pengkompaunan Kesalahan) 2018
Statement of responsibility, etc. Disusun semula oleh: Penasihat Undang-undang MDC
260 ## - PUBLICATION, DISTRIBUTION, ETC.
Place of publication, distribution, etc. Kuala Lumpur
Name of publisher, distributor, etc. MDC Publishers Sdn Bhd
Date of publication, distribution, etc. 2020
300 ## - PHYSICAL DESCRIPTION
Extent 267ms
Dimensions 26cm
650 ## - SUBJECT ADDED ENTRY--TOPICAL TERM
Topical term or geographic name entry element Tax administration and procedure
Geographic subdivision Malaysia
9 (RLIN) 182
710 ## - ADDED ENTRY--CORPORATE NAME
Corporate name or jurisdiction name as entry element Penasihat Undang-Undang MDC
9 (RLIN) 405
942 ## - ADDED ENTRY ELEMENTS (KOHA)
Source of classification or shelving scheme
Koha item type Book
Holdings
Withdrawn status Lost status Source of classification or shelving scheme Damaged status Not for loan Collection code Home library Current library Shelving location Date acquired Inventory number Total Checkouts Full call number Barcode Date last seen Date last checked out Price effective from Koha item type
          NON-FICTION AKMAL Melaka AKMAL Melaka PINJAMAN 09.07.2020 011302 2 343.5950558 MAL 201707855 15.06.2023 13.06.2023 09.07.2020 Book
          NON-FICTION AKMAL Melaka AKMAL Melaka PINJAMAN 09.07.2020 011303 1 343.5950558 MAL 201707856 10.04.2023 29.03.2023 09.07.2020 Book
          NON-FICTION AKMAL Melaka AKMAL Melaka PINJAMAN 09.07.2020 011304 2 343.5950558 MAL 201707857 10.04.2023 04.04.2023 09.07.2020 Book
          NON-FICTION AKMAL Melaka AKMAL Melaka PINJAMAN 09.07.2020 011305 1 343.5950558 MAL 201707858 10.04.2023 29.03.2023 09.07.2020 Book
          NON-FICTION AKMAL Melaka AKMAL Melaka PINJAMAN 09.07.2020 011306 4 343.5950558 MAL 201707859 18.03.2026 12.02.2026 09.07.2020 Book
Pusat Sumber Maklumat Dato' Haji Sarmin Md Hussin, Akademi Kastam Diraja Malaysia, Melaka
Tel: 06-2331106 | Faks: 06-2313787